Software takes command

Αποθηκεύτηκε σε:
Λεπτομέρειες βιβλιογραφικής εγγραφής
Κύριος συγγραφέας: Manovich, Lev
Μορφή: Βιβλίο
Γλώσσα:English
Δημοσίευση: London and New York : Bloomsbury, 2013
Σειρά:International texts in critical media aesthetics ; ; 5
Θέματα:
Ετικέτες: Προσθήκη ετικέτας
Δεν υπάρχουν, Καταχωρήστε ετικέτα πρώτοι!

MARC

LEADER 00000nam a2200000 i 4500
001 1/52242
008 140731s2013 eng d
020 |a 978-1-62356-745-3 
035 |l 10118465 
040 |a GR-MY-UA  |b gre  |e aacr 
041 0 |a eng 
082 0 |a 303.4833  |2 (23) 
100 1 |a Manovich, Lev. 
245 1 0 |a Software takes command /  |c Lev Manovich 
260 |a London and New York :   |b Bloomsbury,   |c 2013 
300 |a xi, 357 σ.;  |c 23 εκ. 
490 1 |a International texts in critical media aesthetics  |v ; 5 
504 |a Περιλβαμβάνει βιβλιογραφικές αναφορές και ευρετήριο 
650 0 0 |a Computer software  |x Social aspects. 
650 0 0 |a Social media. 
650 0 0 |a Mass media  |x Technological innovations. 
830 0 |a International texts in critical media aesthetics ;  |v ; 5 
852 |a INST  |b LESVOS  |e 20140731  |h 303.4833 MAN  |p 005100054487  |q 005100054487  |t BK  |y 0 
901 |a BIBL1-2014-2 
909 |a Λ  |b 189440 
922 |a 1ΕΛΗ  |b 201406  |c ΤΠΤΕ  |d ΔΙΑΔΡΟΜΕΣ 
970 |a ΤΖΑΦΕΡΗ  |b ΕΥΑΓΓΕΛΙΑ  |z 2014/08/01